Repetidas visitas que ofrece la devoción al divinisimo Señor Sacramentado. (Record no. 5637)

MARC details
000 -CABECERA
campo de control de longitud fija 01286nam a2200265 a 4500
001 - NÚMERO DE CONTROL
campo de control BRCA_5948
005 - FECHA Y HORA DE LA ÚLTIMA TRANSACCIÓN
campo de control 20190320205255.0
041 ## - CÓDIGO DE LENGUA
Código de lengua del texto/banda sonora o título independiente spa
044 ## - CÓDIGO DEL PAÍS DE LA ENTIDAD EDITORA/PRODUCTORA
Código MARC del país mx
050 #4 - SIGNATURA TOPOGRÁFICA DE LA BIBLIOTECA DEL CONGRESO
Número de clasificación BX800
Número de documento/Ítem .R47 1816
110 2# - ENTRADA PRINCIPAL--NOMBRE DE ENTIDAD CORPORATIVA
Nombre de entidad corporativa o nombre de jurisdicción como elemento de entrada Panilla, Miguel R.P. Fr.
9 (RLIN) 15022
245 10 - MENCIÓN DE TÍTULO
Título Repetidas visitas que ofrece la devoción al divinisimo Señor Sacramentado.
Resto del título En desagravio de las repetidas injurias olvido y desprecios que su Majestad padece de la mayor parte del mundo en el Sacramento de la Sagrada Eucaristía.
Mención de responsabilidad, etc. Panilla, Miguel.
260 ## - PUBLICACIÓN, DISTRIBUCIÓN, ETC.
Lugar de publicación, distribución, etc. México
Nombre del editor, distribuidor, etc. Oficina de la calle de Santo Domingo
Fecha de publicación, distribución, etc. 1816
300 ## - DESCRIPCIÓN FÍSICA
Extensión 56 p.
Dimensiones 11 cm.
500 ## - NOTA GENERAL
Nota general Tapas desprendidas; en la tapa viene pegada una carta que es imposible de abrir, ya que se tendría que destruír la tapa misma; tiene signaturas; dividido en XX cuartas visitas. El primer cuadernillo se encuentra desprendido
500 ## - NOTA GENERAL
Nota general Fondo antiguo
500 ## - NOTA GENERAL
Nota general Se encuentra en Caja Fuerte
500 ## - NOTA GENERAL
Nota general H-173
500 ## - NOTA GENERAL
Nota general Con Ex-libris de: Franz Mayer
500 ## - NOTA GENERAL
Nota general En la contraportada se localiza una firma perteneciente a Sor. Ma. Bernarda con licencia de Na. Ma.
506 0# - NOTA DE RESTRICCIONES AL ACCESO
Limitaciones de acceso Fondo reservado: para su consulta es necesario credencial de usuario y carta de motivos
650 14 - PUNTO DE ACCESO ADICIONAL DE MATERIA--TÉRMINO DE MATERIA
Término de materia o nombre geográfico como elemento de entrada Denominaciones cristianas.
9 (RLIN) 15023
902 ## - CATALOGADOR
Iniciales LAR
942 ## - ELEMENTOS DE PUNTO DE ACCESO ADICIONAL (KOHA)
Fuente del sistema de clasificación o colocación Library of Congress Classification
Tipo de ítem Koha Libros
Holdings
Estado de retiro Estado de pérdida Estado dañado No para préstamo Localización permanente Ubicación/localización actual Fecha de adquisición Número de inventario Total de préstamos Signatura topográfica completa Código de barras Fecha visto por última vez Precio válido a partir de Tipo de ítem Koha
El ejemplar forma parte de la colección y puede ser consultado según las políticas vigentes.       Biblioteca del Museo Franz Mayer (Rogerio Casas-Alatriste) Biblioteca del Museo Franz Mayer (Rogerio Casas-Alatriste) 24/03/2011 H-173   BX800 .R47 1816 (H-173) LAR00006 22/03/2019 22/03/2019 Libros